|
|
|
|
| LEADER |
00000nam a2200000 a 4500 |
| 001 |
vtls010268248 |
| 003 |
SK-MaSNL |
| 005 |
20260301150227.0 |
| 008 |
180809s2010 xo o 000 0 slo |
| 015 |
|
|
|a SNBE2012/03-00906
|
| 020 |
|
|
|a 9788089081387
|q (brož.)
|
| 040 |
|
|
|a SNK
|b slo
|c SNK
|e AACR2
|
| 041 |
0 |
|
|a slo
|
| 043 |
|
|
|a e-xo---
|
| 044 |
|
|
|a xo
|c SK
|
| 072 |
|
7 |
|a 75
|x Maliarstvo
|2 konspekt
|
| 080 |
|
|
|a 75(437.6)
|2 2001
|
| 080 |
|
|
|a 75.036/.038
|2 2001
|
| 080 |
|
|
|a (437.6)
|2 2001
|
| 080 |
|
|
|a (083.824)
|2 2001
|
| 100 |
1 |
|
|a Devečková, Eja,
|d 1982-
|4 aut
|4 cur
|9 374409
|
| 245 |
1 |
0 |
|a Treffpunkt
|b sonda do súčasnej maľby : 8. júl - 19. september 2010, Galéria umelcov Spiša v Spišskej Novej Vsi
|
| 250 |
|
|
|a [1. vyd.]
|
| 260 |
|
|
|a Spišská Nová Ves
|b Galéria umelcov Spiša
|c 2010
|
| 300 |
|
|
|a 1 zlož. l. ([7] s.)
|b fotogr.
|c 14 cm
|
| 366 |
|
|
|e 250 výt.
|
| 648 |
|
7 |
|a 21. stor.
|2 SNKPH
|9 304714
|
| 650 |
0 |
7 |
|a slovenské maliarstvo
|2 SNKPH
|9 3124
|
| 650 |
0 |
7 |
|a moderné maliarstvo
|2 SNKPH
|9 68070
|
| 651 |
|
7 |
|a Slovensko
|2 SNKPH
|
| 655 |
|
7 |
|a katalógy výstav
|2 SNKPH
|9 70445
|
| 919 |
|
|
|a 978-80-89081-38-7
|
| 999 |
|
|
|c 782838
|d 784768
|
| 952 |
|
|
|a SNK
|b SNK
|y PREZ
|7 0
|p 17A0695877
|o snkOSE 4648
|i snk2011/7697
|8 0
|0 0
|1 0
|4 0
|d 2011-04-05
|l 0
|r 2026-02-24 01:10:08
|w 2026-02-24
|